• 首页
  • 本馆介绍
  • 公告通知
  • 最新文献
  • 馆藏检索
  • 电子资源
  • 读者导购
  • 参考咨询
  • 我的图书馆
  • 登录
  • 详细信息显示
  • 放入我的书架
  • 预约/预借图书
  • 作者相关作品
  • 分类相关作品
  • 丛书相关作品
  • 出版社相关作品

书目信息

  • 表格格式
  • 工作单格式
  • 卡片格式
题名:
茶叶优质高效生产技术
    
 
作者: 覃事永 主编
分册:  
出版信息: 长沙   湖南科学技术出版社  2020.03
页数: 106页
开本: 24cm
丛书名: 湖南种植结构调整暨产业扶贫实用技术丛书
单 册:
中图分类: S571.1
科图分类:
主题词: 茶叶--cha ye--栽培技术
电子资源:
ISBN: 978-7-5710-0423-1
000 01223nam 2200265 450
001 CAL 004003280
005 20230217093113.0
010    @a978-7-5710-0423-1@dCNY28.00
100    @a20200911d2020 em y0chiy0120 ea
101 0  @achi
102    @aCN@b430000
105    @aak a 000yy
106    @ar
200 1  @a茶叶优质高效生产技术@Acha ye you zhi gao xiao sheng chan ji shu@f主编覃事永@g编写人员覃事永 ... [等]
210    @a长沙@c湖南科学技术出版社@d2020.03
215    @a106页@c彩图@d24cm
225 2  @a湖南种植结构调整暨产业扶贫实用技术丛书@Ahu nan zhong zhi jie gou tiao zheng ji chan ye fu pin shi yong ji shu cong shu
320    @a有书目 (第105页)
330    @a茶树是多年生叶用植物, 在茶树的生长发育与生产过程中, 不仅与外界环境条件 (如气候、土壤和地形) 密切相关, 还与人的栽培管理行为 (如施肥、灌溉、修剪、采摘及病虫害防治等) 密切相关。本书系统介绍与茶树生长发育相关的环境条件和生产技术, 共5部分, 包括茶树的特征特性、茶园建设、茶树栽培、茶树病虫害绿色防控技术和茶叶加工等内容。
410  0 @12001 @a湖南种植结构调整暨产业扶贫实用技术丛书
606 0  @a茶叶@Acha ye@x栽培技术
690    @aS571.1@v5
701  0 @a覃事永@Aqin shi yong@4主编
801  0 @aCN@bBJXHZP@c20230228
905    @b1396480-3@dS571.1@e139@f4
    
    茶叶优质高效生产技术/主编覃事永/编写人员覃事永 ... [等].-长沙:湖南科学技术出版社,2020.03
    106页:彩图;24cm.-(湖南种植结构调整暨产业扶贫实用技术丛书)
    
    
    ISBN 978-7-5710-0423-1:CNY28.00
    茶树是多年生叶用植物, 在茶树的生长发育与生产过程中, 不仅与外界环境条件 (如气候、土壤和地形) 密切相关, 还与人的栽培管理行为 (如施肥、灌溉、修剪、采摘及病虫害防治等) 密切相关。本书系统介绍与茶树生长发育相关的环境条件和生产技术, 共5部分, 包括茶树的特征特性、茶园建设、茶树栽培、茶树病虫害绿色防控技术和茶叶加工等内容。
●
相关链接 在E读中查询图书 在五车中查询图书 在当当中查询图书 在豆瓣中查询图书


正题名:茶叶优质高效生产技术     索取号:S571.1/139         预约/预借

序号 登录号 条形码 馆藏地/架位号 状态 备注
1 1396480   213964806   第二样本阅览室/ [索取号:S571.1/139] 在馆    
2 1396481   213964815   第三借阅区/ [索取号:S571.1/139] 在馆    
3 1396482   213964824   第三借阅区/ [索取号:S571.1/139] 在馆    
4 1396483   213964833   第三借阅区/ [索取号:S571.1/139] 在馆    
唐山师范学院图书馆 欢迎您!
大连网信软件有限公司© 版权所有